| 000 | 00978nam a22002531u 4500 | ||
|---|---|---|---|
| 001 | 12203 | ||
| 003 | HDC | ||
| 007 | cr bn --- | ||
| 008 | 210209p2002 my eng | ||
| 040 | _aHDC | ||
| 100 |
_aAbidin Hamid, _eauthor _912668 |
||
| 245 | 0 |
_aMultiple usage of the ISOLUTE multimode column for the development of a simple, rapid and cost effective method for aflatoxin analysis / _cby Abidin Hamid and Mohd. Rosni Sulaiman |
|
| 260 |
_aSerdang : _bMalaysian Agricultural Research and Development Institute (MARDI), _c2002 |
||
| 300 | _a1 page | ||
| 336 |
_atext _2rdacontent |
||
| 337 |
_acomputer _2rdamedia |
||
| 338 |
_aonline resource _2rdacarrier |
||
| 650 |
_aAflatoxin _912669 |
||
| 650 |
_aMultimode column _912670 |
||
| 856 | _zRequest full-text at [email protected] | ||
| 942 | _2lcc | ||
| 942 | _cAR | ||
| 942 | _kJART 003042 | ||
| 999 |
_c9526 _d9526 |
||